000 00490nam a2200181Ia 4500
003 GCL
008 140319s9999 xx 000 0 eng d
040 _aGCL /
_cGCL
082 0 4 _a843.7
_bP S
100 1 _aPEARSON, ROGER
245 1 0 _aSTENDHAL THE RED AND THE BLACK AND THE CHARTERHOUSE OF PARMA /
_cPEARSON, ROGER
260 _a[S.N] :
_bLONGMAN ،
_c1994
300 _a267 P
650 0 4 _aSTENDHAL
650 0 4 _aROUGE ET LE NOIR
650 0 4 _aCHARTREUSE DE PARME
942 _2ddc
_cBK
999 _c25017
_d25017